MICROECONOMIA Y CONDUCTA (Registro nro. 195472)
[ vista simple ]
| 000 -LEADER | |
|---|---|
| campo de control de longitud fija | 00703nam a2200289Ia 4500 |
| 005 - FECHA Y HORA DE LA ÚLTIMA TRANSACCIÓN | |
| campo de control | 20250425160743.0 |
| 008 - DATOS DE LONGITUD FIJA--INFORMACIÓN GENERAL | |
| campo de control de longitud fija | 250425s9999 xx 000 0 und d |
| 020 ## - NÚMERO INTERNACIONAL ESTÁNDAR DEL LIBRO | |
| Número Internacional Estándar del Libro | 8476158408 |
| 041 ## - CÓDIGO DE IDIOMA | |
| Código de lengua del texto/banda sonora o título independiente | spa |
| 043 ## - CÓDIGO DE ÁREA GEOGRÁFICA | |
| Código de área geográfica | sp |
| 082 ## - NÚMERO DE LA CLASIFICACIÓN DECIMAL DEWEY | |
| Número de clasificación | 338.5 |
| 010 ## - NÚMERO DE CONTROL DE LA BIBLIOTECA DEL CONGRESO | |
| Número de control de LC | 4448 |
| 100 ## - ENTRADA PRINCIPAL--NOMBRE DE PERSONA | |
| Nombre de persona | FRANK, ROBERT H. |
| 245 #0 - MENCIÓN DEL TÍTULO | |
| Título | MICROECONOMIA Y CONDUCTA |
| 250 ## - MENCION DE EDICION | |
| Mención de edición | 1A ED. |
| 260 ## - PUBLICACIÓN, DISTRIBUCIÓN, ETC. | |
| Lugar de publicación, distribución, etc. | España |
| Nombre del editor, distribuidor, etc. | MCGRAW HILL |
| Fecha de publicación, distribución, etc. | 1992 |
| 260 ## - PUBLICACIÓN, DISTRIBUCIÓN, ETC. | |
| Lugar de publicación, distribución, etc. | MADRID |
| 300 ## - DESCRIPCIÓN FÍSICA | |
| Extensión | 796 |
| 500 ## - NOTA GENERAL | |
| Nota general | Título Traducido: MACROECONOMICS AND BEHAVIOR |
| 650 ## - PUNTO DE ACCESO ADICIONAL DE MATERIA--TÉRMINO DE MATERIA | |
| Término de materia o nombre geográfico como elemento de entrada | CONSUMIDORES |
| 650 ## - PUNTO DE ACCESO ADICIONAL DE MATERIA--TÉRMINO DE MATERIA | |
| Término de materia o nombre geográfico como elemento de entrada | MERCADO |
| 650 ## - PUNTO DE ACCESO ADICIONAL DE MATERIA--TÉRMINO DE MATERIA | |
| Término de materia o nombre geográfico como elemento de entrada | MICROECONOMIA |
| 650 ## - PUNTO DE ACCESO ADICIONAL DE MATERIA--TÉRMINO DE MATERIA | |
| Término de materia o nombre geográfico como elemento de entrada | OFERTA Y DEMANDA |
| 700 ## - ENTRADA AGREGADA--NOMBRE PERSONAL | |
| Nombre de persona | LUIS TOHARIA |
| Término indicativo de función/relación | traductor |
| 710 ## - ENTRADA AGREGADA--NOMBRE DE ENTIDAD CORPORATIVA | |
| Nombre de entidad corporativa o nombre de jurisdicción como elemento de entrada | MCGRAW-HILL, INC. |
| 942 ## - ELEMENTOS DE ENTRADA SECUNDARIOS (KOHA) | |
| Tipo de ítem Koha | Libros |
| Estatus retirado | Estado de pérdida | Estado de daño | No para préstamo | Biblioteca de origen | Biblioteca actual | Ubicación en estantería | Fecha de adquisición | Coste, precio normal de compra | Total de préstamos | Código de barras | Copia número | Nota pública |
|---|---|---|---|---|---|---|---|---|---|---|---|---|
| ESCUELA DE NEGOCIOS | ESCUELA DE NEGOCIOS | 27/06/2001 | 3.00 | CP-00619 | 3 | COMPRA | ||||||
| ESCUELA DE NEGOCIOS | ESCUELA DE NEGOCIOS | 28/06/2001 | 3.00 | CP-00620 | 4 | COMPRA | ||||||
| ESCUELA DE NEGOCIOS | ESCUELA DE NEGOCIOS | 01/08/2001 | 3.00 | CP-00666 | 5 | COMPRA | ||||||
| ESCUELA DE NEGOCIOS | ESCUELA DE NEGOCIOS | 02/08/2001 | 56116.00 | DP-00879 | 6 | |||||||
| ESCUELA DE NEGOCIOS | ESCUELA DE NEGOCIOS | 02/08/2001 | 56116.00 | DP-00880 | 7 | |||||||
| ESCUELA DE NEGOCIOS | ESCUELA DE NEGOCIOS | 02/08/2001 | 56116.00 | DP-00881 | 8 | |||||||
| ESCUELA DE NEGOCIOS | ESCUELA DE NEGOCIOS | 02/08/2001 | 56116.00 | DP-00883 | 9 | |||||||
| ESCUELA DE NEGOCIOS | ESCUELA DE NEGOCIOS | 02/08/2001 | 56116.00 | DP-00884 | 10 | |||||||
| ESCUELA DE NEGOCIOS | ESCUELA DE NEGOCIOS | 02/08/2001 | 62500.00 | DP-00891 | 11 | |||||||
| ESCUELA DE NEGOCIOS | ESCUELA DE NEGOCIOS | 02/08/2001 | 62500.00 | DP-00892 | 12 | |||||||
| ESCUELA DE NEGOCIOS | ESCUELA DE NEGOCIOS | 02/08/2001 | 62500.00 | DP-00893 | 13 | |||||||
| ESCUELA DE NEGOCIOS | ESCUELA DE NEGOCIOS | 02/08/2001 | 62500.00 | DP-00894 | 14 | |||||||
| ESCUELA DE NEGOCIOS | ESCUELA DE NEGOCIOS | 02/08/2001 | 62500.00 | DP-00895 | 15 |